000 00319nam a2200133Ia 4500
003 OStR
005 20240309161010.0
008 170523s9999 xx 000 0 und d
020 _a9780071792776
040 _aIIMTU
_cIIMTU
100 _aMurray-Robert K
245 0 _aHarper's Illustrated Biochemistry
942 _2ddc
_c02
999 _c11050
_d11050